[Event "Dutch League 2023-24"]
[Site "Netherlands NED"]
[Date "2024.03.02"]
[Round "7.4"]
[White "Van der Hagen, Loek"]
[Black "Willemze, Thomas"]
[Result "1-0"]
[WhiteTitle "FM"]
[BlackTitle "IM"]
[WhiteElo "2346"]
[BlackElo "2317"]
[WhiteTeam "Groninger Combinatie"]
[BlackTeam "LSG IntelliMagic"]
[WhiteFideId "1052853"]
[BlackFideId "1007238"]
[EventDate "2023.09.16"]
[EventType "team"]

1. e4 c6 2. Nc3 d5 3. Nf3 dxe4 4. Nxe4 Nf6 5. Qe2 Na6 6. d4 Nxe4 7. Qxe4 Qd5 8.
Qxd5 cxd5 9. Ne5 Nb8 10. Bb5+ Nd7 11. h4 f6 12. Nxd7 Bxd7 13. Bd3 Rc8 14. Bf4
Kf7 15. h5 a6 16. a4 e6 17. Kd2 Re8 18. Rhe1 g5 19. Bh2 Rc8 20. c3 g4 21. Bf4
Be7 22. b4 f5 23. a5 Rhg8 24. Reb1 Ra8 25. b5 axb5 26. Bxb5 Bc8 27. Bc7 Bd8 28.
Bxd8 Rxd8 29. Ke3 Kf6 30. Kf4 Ra7 31. Ra3 h6 32. Raa1 Rd6 33. f3 gxf3 34. gxf3
Bd7 35. Bxd7 Rxd7 36. Rg1 Rc7 37. Rg6+ Kf7 38. Rag1 Rxc3 39. Rg7+ Kf8 40. Rg8+
Kf7 41. R1g7+ Kf6 42. Rh7 1-0

[Event "Dutch League 2023-24"]
[Site "Netherlands NED"]
[Date "2024.03.02"]
[Round "7.5"]
[White "Bosman, Michiel"]
[Black "Slagboom, Leandro"]
[Result "1/2-1/2"]
[WhiteTitle "IM"]
[BlackTitle "FM"]
[WhiteElo "2341"]
[BlackElo "2326"]
[WhiteTeam "LSG IntelliMagic"]
[BlackTeam "Groninger Combinatie"]
[WhiteFideId "1000721"]
[BlackFideId "1065882"]
[EventDate "2023.09.16"]
[EventType "team"]

1. d4 Nf6 2. c4 e6 3. g3 c5 4. Nf3 cxd4 5. Nxd4 d5 6. Bg2 e5 7. Nf3 d4 8. O-O
Nc6 9. e3 Be7 10. exd4 exd4 11. Bf4 O-O 12. Ne5 Be6 13. Nd2 Nxe5 14. Bxe5 Ng4
15. Re1 d3 16. Bc3 Qb6 17. Rf1 Bf6 18. Qb3 Bxc3 19. Qxc3 Rad8 20. Rae1 Nf6 21.
h3 Rd7 22. Re5 Qc7 23. Re3 Rfd8 24. Rfe1 h6 25. Qb4 Rd4 26. Qa3 b6 27. b3 a5 28.
Qb2 Bf5 29. Re5 Qd7 30. Kh2 Rd6 31. Re7 Qc8 32. Qe5 Be6 33. Ra7 Qb8 34. Rb7 Qc8
35. Re3 1/2-1/2

[Event "Dutch League 2023-24"]
[Site "Netherlands NED"]
[Date "2024.03.02"]
[Round "7.6"]
[White "Van Foreest, Machteld"]
[Black "Van der Werf, Mark"]
[Result "1/2-1/2"]
[WhiteTitle "FM"]
[BlackTitle "IM"]
[WhiteElo "2332"]
[BlackElo "2401"]
[WhiteTeam "Groninger Combinatie"]
[BlackTeam "LSG IntelliMagic"]
[WhiteFideId "1051563"]
[BlackFideId "1000470"]
[EventDate "2023.09.16"]
[EventType "team"]

1. e4 e5 2. Nf3 Nc6 3. Bc4 Nf6 4. d3 Bc5 5. c3 d6 6. Bb3 h6 7. Nbd2 a5 8. h3 Be6
9. O-O O-O 10. Re1 Bxb3 11. axb3 Re8 12. Nc4 d5 13. exd5 Qxd5 14. b4 axb4 15.
Rxa8 Rxa8 16. Nfxe5 bxc3 17. bxc3 b5 18. Nxc6 bxc4 19. d4 Qxc6 20. dxc5 Qxc5 21.
Be3 Qd5 22. Bd4 Rd8 23. Qb1 Nd7 24. Qe4 Qxe4 25. Rxe4 Nb6 1/2-1/2

[Event "Dutch League 2023-24"]
[Site "Netherlands NED"]
[Date "2024.03.02"]
[Round "7.7"]
[White "Van Haastert, Edwin"]
[Black "Maatman, Nick"]
[Result "1/2-1/2"]
[WhiteTitle "IM"]
[BlackTitle "IM"]
[WhiteElo "2426"]
[BlackElo "2397"]
[WhiteTeam "LSG IntelliMagic"]
[BlackTeam "Groninger Combinatie"]
[WhiteFideId "1003992"]
[BlackFideId "1040391"]
[EventDate "2023.09.16"]
[EventType "team"]

1. e4 e5 2. Nf3 Nc6 3. Bb5 Nf6 4. d3 Bc5 5. Bxc6 dxc6 6. Nbd2 Nd7 7. O-O a5 8.
Nc4 Qe7 9. Be3 Bxe3 10. fxe3 b6 11. Qe1 Ba6 12. Qc3 f6 13. a3 1/2-1/2

[Event "Dutch League 2023-24"]
[Site "Netherlands NED"]
[Date "2024.03.02"]
[Round "7.8"]
[White "De Boer, Eelke"]
[Black "Vogt, Andreas"]
[Result "1/2-1/2"]
[WhiteTitle "FM"]
[BlackTitle "FM"]
[WhiteElo "2399"]
[BlackElo "2291"]
[WhiteTeam "Groninger Combinatie"]
[BlackTeam "LSG IntelliMagic"]
[WhiteFideId "1048120"]
[BlackFideId "4629434"]
[EventDate "2023.09.16"]
[EventType "team"]

1. e4 e6 2. d4 d5 3. Nc3 Bb4 4. e5 c5 5. a3 Ba5 6. b4 cxd4 7. Qg4 Kf8 8. Nb5 Bb6
9. Nf3 Nc6 10. Bb2 Nge7 11. Nbxd4 h5 12. Qg5 Ng6 13. Qd2 Ncxe5 14. Nxe5 Nxe5 15.
Nxe6+ Bxe6 16. Bxe5 f6 17. Bb2 Kf7 18. Be2 Bf5 19. O-O Rc8 20. Rac1 h4 21. Rfd1
Be4 22. h3 Qd6 23. Bd3 Rhe8 24. Bxe4 Rxe4 25. Qxd5+ Qxd5 26. Rxd5 Re2 27. Rd3
Bxf2+ 28. Kf1 Rcxc2 29. Rxc2 Rxc2 30. Bd4 Bxd4 31. Rxd4 Ra2 32. Rd7+ Kg6 33.
Rxb7 Rxa3 34. Kf2 Kh6 35. b5 g6 36. b6 axb6 37. Rxb6 Kg5 38. Rb5+ f5 39. Rb4 Rg3
40. Rb5 Kh6 41. Rb6 f4 42. Rf6 Kg5 43. Rf7 Ra3 44. Rf8 Ra5 45. Kf3 Rf5 46. Ra8
Rb5 47. Rf8 Rb1 48. Rf7 Rb8 49. Ke4 1/2-1/2

[Event "Dutch League 2023-24"]
[Site "Netherlands NED"]
[Date "2024.03.02"]
[Round "7.9"]
[White "Jens, Jelmer"]
[Black "Hilwerda, Jonas"]
[Result "0-1"]
[WhiteTitle "IM"]
[BlackTitle "FM"]
[WhiteElo "2358"]
[BlackElo "2248"]
[WhiteTeam "LSG IntelliMagic"]
[BlackTeam "Groninger Combinatie"]
[WhiteFideId "1007394"]
[BlackFideId "1046713"]
[EventDate "2023.09.16"]
[EventType "team"]

1. e4 c5 2. Nf3 Nc6 3. Bb5 g6 4. Bxc6 dxc6 5. d3 Bg7 6. h3 Nf6 7. Nc3 Nd7 8. Be3
e5 9. Qd2 h6 10. O-O b6 11. Nh2 Nf8 12. f4 exf4 13. Bxf4 Ne6 14. Bg3 Qg5 15. Qe1
Nd4 16. Rc1 O-O 17. e5 f5 18. exf6 Rxf6 19. Rxf6 Qxf6 20. Qe8+ Kh7 21. Re1 Qf8
22. Re7 Be6 23. Qxf8 Rxf8 24. Rxa7 Nxc2 25. Nf3 Rf7 26. Ra6 Rb7 27. a3 Bd5 28.
Ne5 Nd4 29. Nc4 Bxc4 30. dxc4 Nf5 31. Be1 Bd4+ 32. Kh2 Re7 33. Bg3 Ne3 34. Bd6
Nf1+ 35. Kh1 Re1 36. Ra7+ Kg8 37. Ra8+ Kf7 38. g4 Ne3+ 39. Kh2 Nxc4 40. Ra7+ Kf6
41. Bc7 Rc1 42. Ne4+ Ke6 43. b3 Rc2+ 44. Kg3 Kd5 45. Kf3 Nd2+ 46. Nxd2 Rxd2 47.
Bxb6 Rd3+ 48. Kg2 Rxb3 49. Bd8 c4 50. Rd7+ Ke4 51. a4 c3 52. Re7+ Kd3 0-1

[Event "Dutch League 2023-24"]
[Site "Netherlands NED"]
[Date "2024.03.02"]
[Round "7.10"]
[White "Wempe, Joost"]
[Black "De Jong, Jan-Willem"]
[Result "1/2-1/2"]
[WhiteTitle "FM"]
[BlackTitle "IM"]
[WhiteElo "2287"]
[BlackElo "2408"]
[WhiteTeam "Groninger Combinatie"]
[BlackTeam "LSG IntelliMagic"]
[WhiteFideId "1005502"]
[BlackFideId "1008641"]
[EventDate "2023.09.16"]
[EventType "team"]

1. d4 d5 2. Nf3 Nf6 3. g3 Bf5 4. Bg2 e6 5. c4 c6 6. Nc3 h6 7. Qb3 Qb6 8. c5 Qxb3
9. axb3 Be7 10. h3 O-O 11. g4 Bh7 12. Bf4 Ne4 13. Nd2 Nxd2 14. Kxd2 Nd7 15. e3
e5 16. Bg3 exd4 17. exd4 Bf6 18. Ra4 b5 19. Ra6 Bxd4 20. b4 Ne5 21. Bxe5 Bxe5
22. Rxc6 a5 23. bxa5 Rxa5 24. Rb6 Bf4+ 25. Ke2 Re8+ 26. Kf3 g5 27. Rd1 b4 28.
Rxb4 Rxc5 29. Rxd5 Rc6 30. Bf1 Rf6 31. Kg2 Be5 32. Ne4 Rf4 33. f3 Bxe4 34. fxe4 1/2-1/2

[Event "Dutch League 2023-24"]
[Site "Netherlands NED"]
[Date "2024.03.02"]
[Round "7.1"]
[White "Van Tellingen, Frank"]
[Black "Braun, Christian2"]
[Result "1-0"]
[WhiteTitle "FM"]
[BlackTitle "IM"]
[WhiteElo "2275"]
[BlackElo "2397"]
[WhiteTeam "De Waagtoren"]
[BlackTeam "Zuid Limburg"]
[WhiteFideId "1011421"]
[BlackFideId "4692098"]
[EventDate "2023.09.16"]
[EventType "team"]

1. e4 e6 2. d4 d5 3. Nc3 Nf6 4. e5 Nfd7 5. f4 c5 6. Nf3 Nc6 7. Be3 a6 8. Qd2 Be7
9. dxc5 Nxc5 10. Qf2 Qa5 11. O-O-O Bd7 12. Kb1 Rc8 13. a3 Na4 14. Nxa4 Qxa4 15.
Bd3 b5 16. c3 Na5 17. Bc2 Qc4 18. Bb6 Nb7 19. Nd4 Rb8 20. Bd3 Qc8 21. f5 Nc5 22.
Bxc5 Bxc5 23. Qg3 g6 24. fxg6 fxg6 25. Rhf1 a5 26. b4 Be7 27. Kb2 Qa6 28. Qf4
Ra8 29. Qf7+ Kd8 30. Bxb5 Bxb5 31. Nxe6+ Kc8 32. Qxe7 1-0

[Event "Dutch League 2023-24"]
[Site "Netherlands NED"]
[Date "2024.03.02"]
[Round "7.2"]
[White "Buscher, Michael"]
[Black "Bakker, Tycho"]
[Result "0-1"]
[WhiteTitle "FM"]
[WhiteElo "2290"]
[BlackElo "1940"]
[WhiteTeam "Zuid Limburg"]
[BlackTeam "De Waagtoren"]
[WhiteFideId "4617533"]
[BlackFideId "1077023"]
[EventDate "2023.09.16"]
[EventType "team"]

1. Nf3 d5 2. e3 Nf6 3. b3 Bg4 4. Bb2 e6 5. Be2 Nbd7 6. O-O Bd6 7. c4 c6 8. Nc3
O-O 9. h3 Bh5 10. d3 Qe7 11. Rb1 Rad8 12. g3 Rfe8 13. Nh4 Bxe2 14. Qxe2 Ne5 15.
Rfd1 Ng6 16. Ng2 e5 17. cxd5 cxd5 18. Nb5 Bb8 19. e4 Qd7 20. Na3 Qxh3 21. Qf3 d4
22. Nc4 Ng4 23. Nd2 Re6 24. Ne1 Qh2+ 25. Kf1 Rf6 0-1

[Event "Dutch League 2023-24"]
[Site "Netherlands NED"]
[Date "2024.03.02"]
[Round "7.3"]
[White "Konijn, Rob"]
[Black "Hausrath, Daniel"]
[Result "1/2-1/2"]
[BlackTitle "GM"]
[WhiteElo "2110"]
[BlackElo "2465"]
[WhiteTeam "De Waagtoren"]
[BlackTeam "Zuid Limburg"]
[WhiteFideId "1011278"]
[BlackFideId "4617495"]
[EventDate "2023.09.16"]
[EventType "team"]

1. e4 c6 2. d4 d5 3. exd5 cxd5 4. c4 Nf6 5. Nc3 Nc6 6. Bg5 Be6 7. c5 Ne4 8. Be3
g6 9. Nge2 Bg7 10. Nf4 Nxc3 11. bxc3 Bc8 12. Bd3 O-O 13. O-O e6 14. Qb3 Rb8 15.
Rab1 Qc7 16. Bb5 Bd7 17. Nd3 Rbd8 18. Bf4 Qa5 19. Bd6 Rfe8 20. Nf4 Bh6 21. g3
Bf8 22. Bxf8 Rxf8 23. Rfe1 Rb8 24. Nd3 Qc7 25. Qa3 Rfd8 26. Qc1 Kg7 27. Bxc6
bxc6 28. Ne5 Rxb1 29. Qxb1 Rb8 30. Qc1 h5 31. Qf4 Be8 32. Nxg6 Qxf4 33. Nxf4 h4
34. Nd3 hxg3 35. fxg3 Rb5 36. a4 Rb3 37. Rc1 Ra3 38. Nf4 Rxa4 39. Rb1 Ra3 40.
Rb8 Kf8 41. h4 Rxc3 42. Kg2 Re3 43. Kf2 Re4 44. h5 e5 45. dxe5 Rxe5 46. g4 Kg7
47. Rb7 Kh6 48. Rxa7 f5 49. gxf5 Rxf5 50. Ke3 Re5+ 51. Kd3 Re4 52. Ne2 Rc4 53.
Re7 Bxh5 54. Re6+ Bg6+ 55. Ke3 d4+ 56. Nxd4 Rxc5 57. Rxc6 1/2-1/2

[Event "Dutch League 2023-24"]
[Site "Netherlands NED"]
[Date "2024.03.02"]
[Round "7.4"]
[White "Wantola, Ivo"]
[Black "Van Liempt, Michael"]
[Result "1/2-1/2"]
[WhiteTitle "FM"]
[WhiteElo "2347"]
[BlackElo "2126"]
[WhiteTeam "Zuid Limburg"]
[BlackTeam "De Waagtoren"]
[WhiteFideId "1016067"]
[BlackFideId "1012665"]
[EventDate "2023.09.16"]
[EventType "team"]

1. Nf3 Nf6 2. c4 g6 3. Nc3 Bg7 4. e4 d6 5. d4 O-O 6. Be2 Nbd7 7. O-O e5 8. Be3
h6 9. dxe5 Nxe5 10. Nxe5 dxe5 11. Bc5 Re8 12. Qxd8 Rxd8 13. Rfd1 Be6 14. f3 Bf8
15. Be3 g5 16. Nb5 Rd5 17. Rac1 Rxd1+ 18. Rxd1 Ne8 19. Nxa7 b6 20. Nb5 Rxa2 21.
c5 Rxb2 22. cxb6 cxb6 23. Bf1 Kg7 24. Bxb6 Nd6 25. Bc7 Rxb5 26. Bxd6 Ra5 27.
Bxf8+ 1/2-1/2

[Event "Dutch League 2023-24"]
[Site "Netherlands NED"]
[Date "2024.03.02"]
[Round "7.5"]
[White "Keetman, Maaike"]
[Black "Lenaerts, Lennert"]
[Result "0-1"]
[WhiteTitle "WFM"]
[BlackTitle "FM"]
[WhiteElo "2118"]
[BlackElo "2339"]
[WhiteTeam "De Waagtoren"]
[BlackTeam "Zuid Limburg"]
[WhiteFideId "1033697"]
[BlackFideId "211435"]
[EventDate "2023.09.16"]
[EventType "team"]

1. e4 c5 2. Nf3 e6 3. c3 Nf6 4. e5 Nd5 5. d4 cxd4 6. cxd4 d6 7. Bc4 Be7 8. O-O
O-O 9. Qe2 b6 10. Bd3 Bb7 11. Qe4 g6 12. Bh6 Re8 13. Nc3 Nd7 14. Nxd5 Bxd5 15.
Qf4 Bxf3 16. gxf3 dxe5 17. dxe5 Qc7 18. Rfe1 Nc5 19. Bb5 Red8 20. Rac1 a6 21.
Bf1 Qb7 22. Re3 a5 23. Rec3 Qd5 24. Bc4 Qd4 25. Qxd4 Rxd4 26. Be3 Rdd8 27. Kf1
Nd7 28. f4 Bc5 29. Rd3 Bxe3 30. fxe3 Rac8 31. Ke2 g5 32. Rdd1 Kg7 33. Rg1 Rc7
34. Rxg5+ Kf8 35. Rgg1 Rdc8 36. Rcd1 Nxe5 37. Bxe6 Rc2+ 38. Kf1 fxe6 39. fxe5
Rxb2 40. Rg2 Rxg2 41. Kxg2 Rc2+ 42. Kg3 b5 43. Rd8+ Kf7 44. Rb8 b4 45. Kf4 Rxa2
46. Rb7+ Kg6 47. Rb6 Rf2+ 48. Ke4 Kf7 49. Rb7+ Ke8 50. Kd4 Rxh2 51. Kc5 Rd2 52.
Rxh7 b3 53. Rb7 a4 54. Kb4 Rd1 55. Kc3 a3 0-1

[Event "Dutch League 2023-24"]
[Site "Netherlands NED"]
[Date "2024.03.02"]
[Round "7.6"]
[White "Bashylina, Luisa"]
[Black "Geerke, Daan"]
[Result "1/2-1/2"]
[WhiteTitle "WFM"]
[WhiteElo "2175"]
[BlackElo "2071"]
[WhiteTeam "Zuid Limburg"]
[BlackTeam "De Waagtoren"]
[WhiteFideId "12983292"]
[BlackFideId "1304526"]
[EventDate "2023.09.16"]
[EventType "team"]

1. d4 Nf6 2. c4 g6 3. Nc3 d5 4. cxd5 Nxd5 5. e4 Nxc3 6. bxc3 Bg7 7. Nf3 c5 8. h3
O-O 9. Be2 Nc6 10. Be3 Qa5 11. Bd2 Qc7 12. d5 Ne5 13. Nxe5 Qxe5 14. Bd3 f5 15.
f4 Qd6 16. O-O c4 17. Bc2 fxe4 18. Bxe4 b5 19. Qe2 Bf5 20. Rfe1 Rae8 21. Bf3 e5
22. dxe6 Rxe6 23. Qf2 Rxe1+ 24. Bxe1 Bd3 25. Qxa7 b4 26. Qa5 bxc3 27. Bxc3 Bxc3
28. Qxc3 Rxf4 1/2-1/2

[Event "Dutch League 2023-24"]
[Site "Netherlands NED"]
[Date "2024.03.02"]
[Round "7.7"]
[White "Reinderman, Dimitri"]
[Black "Gallasch, Jonas"]
[Result "1-0"]
[WhiteTitle "GM"]
[BlackTitle "FM"]
[WhiteElo "2573"]
[BlackElo "2293"]
[WhiteTeam "De Waagtoren"]
[BlackTeam "Zuid Limburg"]
[WhiteFideId "1001302"]
[BlackFideId "16222474"]
[EventDate "2023.09.16"]
[EventType "team"]

1. c4 g6 2. e4 e5 3. Nf3 Bg7 4. d4 exd4 5. Nxd4 Nf6 6. Nc3 O-O 7. Be2 Re8 8. f3
c6 9. Bg5 Qb6 10. Nb3 d5 11. exd5 Nbd7 12. Bh4 cxd5 13. cxd5 Qb4 14. Bf2 Nb6 15.
a3 Rxe2+ 16. Kxe2 Qc4+ 17. Ke1 Bf5 18. Bd4 Bd3 19. Kf2 Ng4+ 20. fxg4 Bxd4+ 21.
Nxd4 Qxd4+ 22. Kg3 Nc4 23. Qf3 g5 24. Rhe1 Ne5 25. Qe3 Qxg4+ 26. Kf2 f6 27. Kg1
Rd8 28. Rad1 Bc4 29. Ne4 Qf5 30. Nxf6+ Qxf6 31. Qxe5 Qb6+ 32. Kh1 1-0

[Event "Dutch League 2023-24"]
[Site "Netherlands NED"]
[Date "2024.03.02"]
[Round "7.8"]
[White "Van Meegen, Ruud"]
[Black "De Rover, Yong Hoon"]
[Result "1/2-1/2"]
[WhiteTitle "FM"]
[BlackTitle "IM"]
[WhiteElo "2275"]
[BlackElo "2317"]
[WhiteTeam "Zuid Limburg"]
[BlackTeam "De Waagtoren"]
[WhiteFideId "1034995"]
[BlackFideId "1010298"]
[EventDate "2023.09.16"]
[EventType "team"]

1. Nf3 Nf6 2. g3 g6 3. b3 Bg7 4. Bb2 c5 5. c4 d6 6. Bg2 e5 7. O-O O-O 8. Nc3 Nc6
9. d3 h6 10. Nd2 Be6 11. a3 Qd7 12. Nd5 Bh3 13. Ne4 Ne8 14. b4 Bxg2 15. Kxg2 f5
16. Nd2 Nf6 17. Bc3 Ne7 18. e4 Nexd5 19. cxd5 b6 20. bxc5 bxc5 21. f3 Rf7 22.
Rb1 Raf8 23. h3 h5 24. Qe2 Bh6 25. Nc4 f4 26. g4 hxg4 27. hxg4 Nxg4 28. Rh1 Bg7
29. Qb2 g5 30. Qb5 Ne3+ 31. Kf2 g4 32. Qxd7 Rxd7 33. fxg4 Nxg4+ 34. Kf3 Nf6 35.
Rb2 Re8 36. Rhb1 Bf8 37. Rb7 Be7 38. Rxd7 Nxd7 39. Rb7 Nb6 40. Na5 Bf8 41. Rxa7
Rb8 42. Nc6 Ra8 43. Rxa8 Nxa8 44. Ba5 Kf7 45. Nd8+ Ke8 46. Ne6 Be7 47. Kg4 Kd7
48. Kf5 Nb6 49. Kg4 Na4 50. Kf3 Kc8 51. Ke2 Kb7 52. Kd2 Ka6 53. Bc7 Kb7 54. Ba5
Kc8 55. Ng7 Bd8 56. Bxd8 Kxd8 57. Nf5 Kc7 58. Kc2 Nb6 59. Kb3 Nc8 60. Nh4 Kb6
61. Nf3 Ka5 62. Nd2 Nb6 63. Nf3 Ka6 64. Nd2 Kb5 65. Nf3 c4+ 66. dxc4+ Nxc4 67.
a4+ Kc5 68. Kc3 Na5 69. Ne1 Kb6 70. Kb4 Nb7 71. Nf3 Ka6 72. Nd2 Nc5 73. a5 Nb7
74. Nc4 f3 75. Ne3 Nc5 76. Kc3 Nxe4+ 77. Kd3 Ng3 78. Ng4 Kxa5 79. Ke3 Kb5 80.
Kxf3 Nh5 81. Nxe5 1/2-1/2

[Event "Dutch League 2023-24"]
[Site "Netherlands NED"]
[Date "2024.03.02"]
[Round "7.9"]
[White "De Ruiter, Danny"]
[Black "Miesen, Fabian"]
[Result "1-0"]
[WhiteTitle "FM"]
[WhiteElo "2251"]
[BlackElo "2177"]
[WhiteTeam "De Waagtoren"]
[BlackTeam "Zuid Limburg"]
[WhiteFideId "1020650"]
[BlackFideId "1025791"]
[EventDate "2023.09.16"]
[EventType "team"]

1. d4 d5 2. c4 c6 3. Nf3 Nf6 4. Nc3 e6 5. Bg5 dxc4 6. a4 Bb4 7. Qc2 b5 8. e3 Bb7
9. Be2 Nbd7 10. O-O Qb6 11. e4 O-O 12. e5 Nd5 13. Bd2 Be7 14. Ne4 a6 15. Neg5 g6
16. Qe4 Rfe8 17. Qg4 Nf8 18. h4 Qc7 19. h5 f5 20. exf6 Nxf6 21. Qh3 Nxh5 22. Ne5
Bxg5 23. Bxg5 Nd7 24. Bxh5 Nxe5 25. Bf4 Qf7 26. Bxe5 gxh5 27. Ra3 c5 28. Rg3+
Kf8 29. Bd6+ Re7 30. Qh4 Re8 31. Qg5 1-0

[Event "Dutch League 2023-24"]
[Site "Netherlands NED"]
[Date "2024.03.02"]
[Round "7.10"]
[White "Hamblok, Roel"]
[Black "Agter, Frank"]
[Result "1/2-1/2"]
[WhiteTitle "FM"]
[WhiteElo "2235"]
[BlackElo "2244"]
[WhiteTeam "Zuid Limburg"]
[BlackTeam "De Waagtoren"]
[WhiteFideId "209317"]
[BlackFideId "1017349"]
[EventDate "2023.09.16"]
[EventType "team"]

1. e4 e5 2. Nf3 Nf6 3. Nc3 Nc6 4. d4 Bb4 5. Nxe5 O-O 6. Bd3 Nxd4 7. Nf3 Nc6 8.
O-O Bxc3 9. bxc3 Re8 10. Re1 d6 11. h3 h6 12. c4 Nd7 13. Bb2 Nde5 14. Rb1 Qf6
15. Nd2 Qg5 16. Re3 Qh4 17. Rg3 Re6 18. Nf3 Nxf3+ 19. Qxf3 Ne5 20. Qe3 Rf6 21.
Rf1 Qf4 22. Qxf4 Rxf4 23. Bc1 Rf6 24. f4 Nxd3 25. cxd3 Rg6 26. Rxg6 fxg6 1/2-1/2

[Event "Dutch League 2023-24"]
[Site "Netherlands NED"]
[Date "2024.03.02"]
[Round "7.1"]
[White "Fridman, Daniel"]
[Black "Korneev, Oleg"]
[Result "1/2-1/2"]
[WhiteTitle "GM"]
[BlackTitle "GM"]
[WhiteElo "2591"]
[BlackElo "2481"]
[WhiteTeam "HMC Den Bosch"]
[BlackTeam "Charlois Europoort"]
[WhiteFideId "11600454"]
[BlackFideId "4156803"]
[EventDate "2023.09.16"]
[EventType "team"]

1. Nf3 d5 2. g3 Bg4 3. Bg2 e6 4. O-O Nf6 5. h3 Bh5 6. c4 c6 7. Qb3 Qc8 8. d4 Be7
9. Nc3 O-O 10. Bf4 Nbd7 11. Rac1 Nb6 12. cxd5 Nbxd5 13. Bg5 h6 14. Bd2 Bg6 15.
Ne5 Nxc3 16. Bxc3 Be4 17. f3 Bh7 18. e4 Nd7 19. Nc4 Qc7 20. f4 Rac8 21. a4 Rfd8
22. Kh2 Nf6 23. Rfe1 b6 24. Ne5 Bf8 25. Qc4 Qb7 26. b4 b5 27. Qa2 a5 28. bxa5 b4
29. Rb1 c5 30. dxc5 Bxc5 31. a6 Qxa6 32. Bxb4 Bxb4 33. Rxb4 Nd7 34. Nxd7 Rxd7
35. Reb1 Bg6 36. Rb8 Rxb8 37. Rxb8+ Kh7 38. Qc2 f5 39. e5 Bf7 40. Ra8 Qb6 41.
Qc6 Qd4 42. a5 Qd2 43. a6 Rd3 44. Rh8+ Kxh8 45. a7 Ra3 46. a8=Q+ Rxa8 47. Qxa8+
Kh7 48. Qf3 1/2-1/2

[Event "Dutch League 2023-24"]
[Site "Netherlands NED"]
[Date "2024.03.02"]
[Round "7.2"]
[White "Kunin, Vitaly"]
[Black "Burg, Twan"]
[Result "1-0"]
[WhiteTitle "GM"]
[BlackTitle "GM"]
[WhiteElo "2528"]
[BlackElo "2509"]
[WhiteTeam "Charlois Europoort"]
[BlackTeam "HMC Den Bosch"]
[WhiteFideId "4128737"]
[BlackFideId "1010697"]
[EventDate "2023.09.16"]
[EventType "team"]

1. d4 Nf6 2. c4 e6 3. Bf4 d5 4. cxd5 exd5 5. e3 Bd6 6. Bxd6 Qxd6 7. Nc3 O-O 8.
Bd3 a6 9. Nge2 c5 10. dxc5 Qxc5 11. Rc1 Nc6 12. O-O Bg4 13. h3 Bxe2 14. Nxe2 Qb6
15. Qc2 Rad8 16. Rfd1 Rfe8 17. Ng3 d4 18. e4 Ne5 19. f4 Nxd3 20. Qxd3 Qxb2 21.
e5 Nd7 22. Nf5 Nf8 23. Nd6 Re7 24. Rc2 Qb4 25. Rc4 Qa5 26. Qg3 Red7 27. Rcxd4 g6
28. f5 Qxa2 29. Kh2 Qc2 30. Qh4 gxf5 31. Qg5+ Ng6 32. Nxf7 Rxd4 33. Qf6 h6 34.
Qxg6+ Kf8 35. Nxh6 Qc4 36. Nxf5 R4d7 37. Qf6+ Kg8 38. Ne7+ Kh7 39. Qg6+ Kh8 40.
Qh6# 1-0

[Event "Dutch League 2023-24"]
[Site "Netherlands NED"]
[Date "2024.03.02"]
[Round "7.3"]
[White "Pavlidis, Antonios"]
[Black "Dardha, Arben"]
[Result "1-0"]
[WhiteTitle "GM"]
[BlackTitle "FM"]
[WhiteElo "2584"]
[BlackElo "2299"]
[WhiteTeam "HMC Den Bosch"]
[BlackTeam "Charlois Europoort"]
[WhiteFideId "4212312"]
[BlackFideId "4700481"]
[EventDate "2023.09.16"]
[EventType "team"]

1. e4 c5 2. Nf3 Nc6 3. Bb5 g6 4. Bxc6 dxc6 5. d3 Bg7 6. O-O Nf6 7. h3 Nd7 8. Nc3
e5 9. Nh2 Nf8 10. f4 exf4 11. Bxf4 Ne6 12. Be3 Nd4 13. Qd2 Be6 14. Nf3 Qe7 15.
Ng5 O-O-O 16. b3 Rd7 17. Rae1 Be5 18. Ne2 f6 19. Nxe6 Nxe6 20. Nf4 Ng7 21. Qe2
Qd6 22. Qf3 f5 23. Ne2 Rf8 24. Bh6 Rdf7 25. exf5 gxf5 26. Bf4 Re7 27. Rd1 Ne6
28. Bxe5 Qxe5 29. Nf4 Nd4 30. Qf2 Qxf4 31. Qxf4 Ne2+ 32. Kh2 Nxf4 33. Rxf4 Re2
34. Rdf1 Rg8 35. R1f2 Rxf2 36. Rxf2 Rg5 37. h4 Rh5 38. Kh3 Kc7 39. g4 fxg4+ 40.
Kxg4 Re5 41. Rf5 Re2 42. Rxc5 b5 43. b4 Kb6 44. h5 Rg2+ 45. Kf3 Rg1 46. d4 Ra1
47. Ke4 Rxa2 48. Ke5 Rb2 49. Kd6 Rxb4 50. Rxc6+ Kb7 51. d5 Rh4 52. Rc7+ Kb6 53.
Rxh7 a5 54. Rh8 Kb7 55. Kc5 Rc4+ 56. Kxb5 Rxc2 57. h6 Rb2+ 58. Kc4 Rc2+ 59. Kb3
Rh2 60. h7 Rh4 61. d6 Rh3+ 62. Ka4 Rh4+ 63. Kxa5 Rh5+ 64. Kb4 Rh6 65. d7 1-0

[Event "Dutch League 2023-24"]
[Site "Netherlands NED"]
[Date "2024.03.02"]
[Round "7.4"]
[White "Werle, Jan"]
[Black "Martens, Martin"]
[Result "1-0"]
[WhiteTitle "GM"]
[BlackTitle "IM"]
[WhiteElo "2553"]
[BlackElo "2313"]
[WhiteTeam "Charlois Europoort"]
[BlackTeam "HMC Den Bosch"]
[WhiteFideId "1006088"]
[BlackFideId "1000683"]
[EventDate "2023.09.16"]
[EventType "team"]

1. Nf3 d5 2. g3 c5 3. Bg2 Nc6 4. d4 Nf6 5. O-O e6 6. c4 dxc4 7. dxc5 Qxd1 8.
Rxd1 Bxc5 9. Nbd2 c3 10. bxc3 O-O 11. Nb3 Be7 12. Nfd4 Nxd4 13. cxd4 Nd5 14. Na5
Bb4 15. Bd2 Nc3 16. Nxb7 Nxe2+ 17. Kf1 Bxd2 18. Rxd2 Nc3 19. Nc5 Rb8 20. Rd3 Nd5
21. Ra3 a6 22. Rb3 Ra8 23. Bxd5 exd5 24. Re1 Ra7 25. Re5 Rd8 26. Ke1 f6 27. Ree3
Bf5 28. Kd2 Kf7 29. Rb6 a5 30. Ra3 Kg6 31. f3 h5 32. h4 Re8 33. Re3 Rc8 34. Reb3
Re8 35. Rb8 Rae7 36. Rxe8 Rxe8 37. Rb5 Bh3 38. Nd3 Bf1 39. Nf4+ Kh6 40. Rxd5 g5
41. hxg5+ fxg5 42. Rd6+ Kh7 43. Ne6 Rg8 44. Rc6 h4 45. Ke1 Bg2 46. Kf2 h3 47. g4
Kg6 48. Nf4+ Kf7 49. Nxg2 hxg2 50. Rc5 Rd8 51. Kxg2 Rxd4 52. Rxa5 Rd2+ 53. Kg3
Kf6 54. Ra3 Kg6 55. f4 gxf4+ 56. Kxf4 Rd4+ 57. Kf3 Kg5 58. Ra5+ Kf6 59. g5+ Kg6
60. a4 Rd3+ 61. Kf4 Rd4+ 62. Ke3 Rg4 63. Kd3 Rh4 64. Kc3 Rg4 65. Kb3 Rg3+ 66.
Kb4 Rg4+ 67. Kc5 Kxg5 68. Ra6 Kf5 69. a5 Rg1 70. Rh6 Kg5 71. Rc6 Ra1 72. Kb6 Kf5
73. a6 Ke5 74. a7 Kd5 75. Rc5+ Kd6 76. Ra5 Rb1+ 77. Ka6 Kc7 78. a8=Q Rb6+ 79.
Ka7 1-0